000 00511nam a2200181Ia 4500
005 20240913125856.0
008 240913s9999||||xx |||||||||||||| ||und||
041 _aENGLISH
082 _A616.3992 Q7
100 _aKasi Visweswaran R
245 0 _aBasics of Kidney, Renal Disease, Fluid, Electrolyte and Acid-Base Balance
250 _a1st
260 _c2017
_bCBS Publishers & Distributors Pv
500 _aREFERENCE
650 _aReneal Disease
_bAllied Health Science
942 _cREF
999 _c246454
_d246454